| Tag |
First Indicator |
Second Indicator |
Subfields |
| LEADER |
00000ctm a2200000Ia 4500 |
| 001 |
in00000033220 |
| 005 |
20200904152407.0 |
| 008 |
880922s1987 xx a bm 000 0 eng d |
| 035 |
|
|
|a (OCoLC)ocm18515410
|
| 035 |
|
|
|9 AAC1073AM
|
| 040 |
|
|
|a TXA
|b eng
|c TXA
|d OCLCQ
|d UMI
|d OCLCO
|d TXA
|
| 035 |
|
|
|a (OCoLC)18515410
|
| 049 |
|
|
|a TXAM
|
| 099 |
|
|
|a 1987
|a Dissertation
|a K29
|
| 100 |
1 |
|
|a Kelly, Edward Brent.
|
| 245 |
1 |
0 |
|a THERMODYNAMICIST, an expert system approach to fluid-fluid equilibria.
|
| 264 |
|
1 |
|c 1987.
|
| 300 |
|
|
|a xiv, 255 leaves :
|b illustrations ;
|c 29 cm
|
| 336 |
|
|
|a text
|b txt
|2 rdacontent
|
| 337 |
|
|
|a unmediated
|b n
|2 rdamedia
|
| 338 |
|
|
|a volume
|b nc
|2 rdacarrier
|
| 500 |
|
|
|a Typescript (photocopy).
|
| 502 |
|
|
|b Ph. D. in Chemical Engineering
|c Texas A & M University
|d 1987
|
| 500 |
|
|
|a Vita.
|
| 504 |
|
|
|a Includes bibliographical references (leaves 137-141).
|
| 520 |
3 |
|
|a A knowledge-based computer program has been constructed to help engineers select the most appropriate thermodynamic models for estimating the physical properties of fluid mixtures. The THERMODYNAMICIST expert system consists of a knowledge base which contains the expertise and experience of several human experts from the Chemical Engineering Department and the Thermodynamics Research Center at Texas A&M University and from ChemShare Corporation, as well as knowledge obtained from books and journal articles. This system was built on a Symbolics 3645 LISP dedicated computer using ART as the expert system building shell. Rules of thumb regarding when a particular model is applicable are used to initially select one or more candidate models that may adequately represent the behavior of a specified fluid mixture. These rules frequently require estimates of certain fluid properties; to obtain this information, THERMODYNAMICIST calls Design II, a process simulator from ChemShare Corporation residing on a VAX computer. Candidate models are ranked according to accuracy and speed; THERMODYNAMICIST then provides the user with the option to have Design II compute the fluid physical properties using one or more of the ranked models. An explanation facility has been built to allow the system to explain to the user the steps it used and the logic it employed while obtaining a solution.
|
| 650 |
|
0 |
|a Liquid-liquid equilibrium
|x Data processing.
|
| 650 |
|
0 |
|a Expert systems (Computer science)
|
| 650 |
|
0 |
|a Fluids
|x Thermal properties
|x Data processing.
|
| 650 |
|
4 |
|a Major chemical engineering.
|
| 655 |
|
7 |
|a Academic theses
|2 lcgft
|
| 700 |
1 |
|
|a Hall, K. R.,
|e degree supervisor.
|
| 700 |
1 |
|
|a Glover, Charles J.,
|e degree committee member.
|
| 700 |
1 |
|
|a Holste, James C.,
|e degree committee member.
|
| 700 |
1 |
|
|a Lively, W. M.,
|e degree committee member.
|
| 700 |
1 |
|
|a Pilant, Michael S.,
|e degree committee member.
|
| 700 |
1 |
|
|a Wilhoit, Randolph C.,
|e degree committee member.
|
| 710 |
2 |
|
|a Texas A & M University,
|e degree granting institution.
|
| 856 |
4 |
1 |
|x http://hdl.handle.net/1969.1/DISSERTATIONS-33908
|z Link to OAKTrust copy
|t 0
|
| 856 |
4 |
1 |
|u http://proxy.library.tamu.edu/login?url=http://proquest.umi.com/pqdweb?did=752327681&sid=1&Fmt=2&clientId=2945&RQT=309&VName=PQD
|z Link to OAKTrust copy
|t 0
|
| 994 |
|
|
|a C0
|b TXA
|
| 999 |
f |
f |
|s 559008a2-d629-379d-9eab-b1b53cfbe94d
|i 3f77784a-fc58-352e-a6fd-aadfcad29389
|t 0
|
| 952 |
f |
f |
|p noncirc
|a Texas A&M University
|b J.J. Pickle Campus
|c High Density Repository
|s HDR
|d Remote Storage
|t 0
|e 1987 Dissertation K29
|h Other scheme
|i unmediated -- volume
|m A14839632988
|
| 952 |
f |
f |
|a Texas A&M University
|b College Station
|c Electronic Resources
|s www_evans
|d Available Online
|t 0
|e 1987 Dissertation K29
|h Other scheme
|
| 998 |
f |
f |
|a 1987 Dissertation K29
|t 0
|l Remote Storage
|
| 998 |
f |
f |
|a 1987 Dissertation K29
|t 0
|l Available Online
|